[Event "Oberliga Sued W 1112"]
[Site "Germany"]
[Date "2012.04.15"]
[Round "9"]
[White "Kopp, Nico"]
[Black "Kuhn, Patrick"]
[Result "1/2-1/2"]
[WhiteElo "2137"]
[BlackElo "2094"]
[PlyCount "45"]
[EventDate "2011.09.25"]
[EventType "team-tourn"]
[EventRounds "9"]
[EventCountry "GER"]
[SourceTitle "EXT 2013"]
[Source "ChessBase"]
[SourceDate "2012.11.22"]
[SourceVersion "1"]
[SourceVersionDate "2012.11.22"]
[SourceQuality "1"]
[WhiteTeam "Landau"]
[BlackTeam "Illingen"]
[WhiteTeamCountry "GER"]
[BlackTeamCountry "GER"]

1. e4 c5 2. c3 Nf6 3. e5 Nd5 4. Nf3 e6 5. d4 cxd4 6. cxd4 Nc6 7. a3 d6 8. Bd3 dxe5 9. dxe5 Qc7 10. 0-0 Be7 11. Qe2 0-0 12. Qe4 g6 13. Re1 f5 14. exf6 Bxf6 15. Bc4 Qf7 16. Ra2 Na5 17. Bd3 Nb3 18. Bc4 Na5 19. b4 Nxc4 20. Qxc4 Bd7 21. Bb2 Rac8 22. Qe4 Bc6 23. Bxf6 1/2-1/2

[Event "Oberliga Sued W 1112"]
[Site "Germany"]
[Date "2012.03.18"]
[Round "8"]
[White "Kopp, Nico"]
[Black "Doncevic, Dario"]
[Result "1-0"]
[WhiteElo "2137"]
[BlackElo "2321"]
[PlyCount "49"]
[EventDate "2011.09.25"]
[EventType "team-tourn"]
[EventRounds "9"]
[EventCountry "GER"]
[SourceTitle "EXT 2013"]
[Source "ChessBase"]
[SourceDate "2012.11.22"]
[SourceVersion "1"]
[SourceVersionDate "2012.11.22"]
[SourceQuality "1"]
[WhiteTeam "Landau"]
[BlackTeam "Koblenz"]
[WhiteTeamCountry "GER"]
[BlackTeamCountry "GER"]

1. e4 e6 2. b3 d5 3. Bb2 dxe4 4. Nc3 Nf6 5. Qe2 Bb4 6. 0-0-0 Bxc3 7. dxc3 Nbd7 8. g4 h6 9. h4 b6 10. Bg2 Bb7 11. g5 hxg5 12. hxg5 Rxh1 13. Bxh1 Ng8 14. Nh3 Qe7 15. Bxe4 0-0-0 16. c4 f6 17. Nf4 fxg5 18. Nxe6 Re8 19. Bxb7+ Kxb7 20. Qf3+ Kb8 21. Nxg7 Rf8 22. Qe3 Qxe3+ 23. fxe3 Ngf6 24. e4 Rf7 25. e5 1-0

[Event "Oberliga Sued W 1112"]
[Site "Germany"]
[Date "2012.02.05"]
[Round "6"]
[White "Cremer, Kevin"]
[Black "Kopp, Nico"]
[Result "1/2-1/2"]
[WhiteElo "2151"]
[BlackElo "2137"]
[PlyCount "108"]
[EventDate "2011.09.25"]
[EventType "team-tourn"]
[EventRounds "9"]
[EventCountry "GER"]
[SourceTitle "EXT 2013"]
[Source "ChessBase"]
[SourceDate "2012.11.22"]
[SourceVersion "1"]
[SourceVersionDate "2012.11.22"]
[SourceQuality "1"]
[WhiteTeam "Schott Mainz II"]
[BlackTeam "Landau"]
[WhiteTeamCountry "GER"]
[BlackTeamCountry "GER"]

1. b3 e5 2. Bb2 Nc6 3. e3 Nf6 4. c4 g6 5. Nc3 Bg7 6. Nf3 0-0 7. Qc2 Re8 8. 0-0-0 d5 9. Nxd5 Nxd5 10. cxd5 Nb4 11. Qc4 Nxd5 12. e4 Nb6 13. Qc3 c5 14. Qxc5 Be6 15. Kb1 f5 16. Bb5 Nd7 17. Qe3 fxe4 18. Ng5 Kh8 19. d3 Qe7 20. Nxe6 Qxe6 21. dxe4 Red8 22. Rd2 Nf6 23. Rhd1 Rxd2 24. Rxd2 Qg4 25. f3 Qh4 26. Bxe5 Rc8 27. Qd4 Nh5 28. g4 Bxe5 29. Qxe5+ Ng7 30. Kb2 Qe1 31. Rc2 Rxc2+ 32. Kxc2 Qf2+ 33. Kb1 Qe1+ 34. Kc2 Qf2+ 35. Kd3 Qxf3+ 36. Kd4 Qf2+ 37. Kc4 Qc2+ 38. Kd5 Qd2+ 39. Qd4 Qxh2 40. e5 Qxa2 41. e6 Qxb3+ 42. Bc4 Qf3+ 43. Kd6 Qc6+ 44. Ke7 Qe8+ 45. Kf6 Qf8+ 46. Kg5 b5 47. Bb3 Qe7+ 48. Qf6 Qxf6+ 49. Kxf6 Nxe6 50. Bxe6 a5 51. g5 a4 52. Bd7 a3 53. Be6 b4 54. Bb3 h6 1/2-1/2

[Event "Hassloch MTA"]
[Site "Hassloch"]
[Date "2009.04.10"]
[Round "1"]
[White "Stock, Andreas"]
[Black "Kopp, Nico"]
[Result "1-0"]
[WhiteElo "2172"]
[BlackElo "2093"]
[PlyCount "69"]
[EventDate "2009.04.10"]
[EventType "tourn"]
[EventRounds "9"]
[EventCountry "GER"]
[SourceTitle "EXT 2011"]
[Source "ChessBase"]
[SourceDate "2010.11.26"]
[SourceVersion "1"]
[SourceVersionDate "2010.11.26"]
[SourceQuality "1"]

1. c4 Nf6 2. Nc3 e5 3. Nf3 Nc6 4. d4 exd4 5. Nxd4 d6 6. Nxc6 bxc6 7. g3 Bd7 8. Bg2 Rb8 9. 0-0 c5 10. e4 Be7 11. b3 0-0 12. Bb2 Ng4 13. Nd5 f5 14. h3 Nf6 15. exf5 Bxf5 16. Re1 Nxd5 17. Qxd5+ Kh8 18. Re3 Bf6 19. Bxf6 Qxf6 20. Rae1 Bg6 21. Qd2 Rbe8 22. Bc6 Rxe3 23. Rxe3 h6 24. Qe2 Bh5 25. g4 Bg6 26. Kg2 Kh7 27. Re7 Rf7 28. Re6 Qd4 29. Rxg6 Kxg6 30. Be8 Qf6 31. Qe4+ Kg5 32. Qd5+ Kg6 33. Qh5+ Kh7 34. Qxf7 Qb2 35. Qf5+ 1-0

[Event "Oberliga Sued W 0809"]
[Site "Germany"]
[Date "2009.03.30"]
[Round "9.8"]
[White "Bureik, Matthias"]
[Black "Kopp, Nico"]
[Result "0-1"]
[WhiteElo "2184"]
[BlackElo "2070"]
[PlyCount "146"]
[EventDate "2008.10.05"]
[EventType "team-tourn"]
[EventRounds "11"]
[EventCountry "GER"]
[SourceTitle "EXT 2012"]
[Source "ChessBase"]
[SourceDate "2011.11.24"]
[SourceVersion "1"]
[SourceVersionDate "2011.11.24"]
[SourceQuality "1"]
[WhiteTeam "Saarbruecken SVG"]
[BlackTeam "Landau"]
[WhiteTeamCountry "GER"]
[BlackTeamCountry "GER"]

1. d4 Nf6 2. c4 c5 3. d5 e5 4. Nc3 d6 5. e4 Nbd7 6. Nf3 Be7 7. Be2 Nf8 8. 0-0 Ng6 9. a3 a6 10. b4 b6 11. bxc5 bxc5 12. Rb1 h5 13. Qb3 0-0 14. Qb6 Qd7 15. Bd1 Bd8 16. Qb2 Ba5 17. Re1 h4 18. h3 Nh7 19. Re3 Bd8 20. Ba4 Qe7 21. Bc6 Ra7 22. Qb8 Ba5 23. Qb3 Ng5 24. Nxg5 Qxg5 25. Ne2 f5 26. Rf3 Bd2 27. Qb8 Raf7 28. Qxd6 Bxc1 29. Rxc1 Qd2 30. Kf1 Nf4 31. Rxf4 exf4 32. e5 f3 33. gxf3 f4 34. e6 Rf6 35. Qxc5 Qd3 36. Bd7 Bxd7 37. exd7 Qxf3 38. Qd4 Rg6 39. Ke1 Qxh3 40. Nxf4 Qxa3 41. Rc2 Rg4 42. d8Q Rxd8 43. Qe5 Qd6 44. Qe6+ Qxe6+ 45. Nxe6 h3 46. Rc3 h2 47. Rh3 Rd6 48. Rxh2 Rxc4 49. Rh5 g6 50. Rg5 Kf7 51. Kd2 a5 52. Kd3 Rb4 53. f4 a4 54. Kc3 Re4 55. Rg1 Re3+ 56. Kc4 a3 57. Kc5 Ra6 58. Nc7 Rc3+ 59. Kb5 Rd6 60. Ne6 Rxd5+ 61. Kb4 Rdd3 62. Ng5+ Kg7 63. f5 Rb3+ 64. Kc4 Rg3 65. f6+ Kg8 66. f7+ Kf8 67. Rf1 Rxg5 68. Kxb3 Rf5 69. Rg1 Ra5 70. Kb4 Ra7 71. Rh1 Ra6 72. Kb5 Rf6 73. Rh3 a2 0-1

[Event "GER-chT U16"]
[Site "Bingen"]
[Date "2008.12.27"]
[Round "2.1"]
[White "Kopp, Nico"]
[Black "Von Schwerin, Clemens"]
[Result "1-0"]
[WhiteElo "1938"]
[BlackElo "1774"]
[PlyCount "41"]
[EventDate "2008.12.27"]
[EventType "team-swiss"]
[EventRounds "7"]
[EventCountry "GER"]
[SourceTitle "EXT 2010"]
[Source "ChessBase"]
[SourceDate "2010.11.25"]
[SourceVersion "1"]
[SourceVersionDate "2010.11.25"]
[SourceQuality "1"]
[WhiteTeam "Landau U16"]
[BlackTeam "Jedesheim U16"]
[WhiteTeamCountry "GER"]
[BlackTeamCountry "GER"]

1. e4 Nf6 2. e5 Nd5 3. Nf3 d6 4. d4 c6 5. c4 Nc7 6. Nc3 g6 7. Bd3 Bg7 8. Bf4 d5 9. Qd2 dxc4 10. Bxc4 Bf5 11. Bh6 0-0 12. h4 Nba6 13. h5 c5 14. Bxg7 Kxg7 15. g4 cxd4 16. Nxd4 Be6 17. hxg6 fxg6 18. Bxe6 h5 19. gxh5 Rh8 20. Qg5 Rh6 21. Nf5+ 1-0

[Event "GER-ch U12"]
[Site "Willingen"]
[Date "2004.06.02"]
[Round "8"]
[White "Pantusenko, Valeria"]
[Black "Kopp, Nico"]
[Result "1/2-1/2"]
[WhiteElo "1217"]
[BlackElo "1336"]
[PlyCount "44"]
[EventDate "2004.06.??"]
[EventType "swiss"]
[EventRounds "11"]
[EventCountry "GER"]
[SourceTitle "EXT 2005"]
[Source "ChessBase"]
[SourceDate "2004.11.15"]
[SourceVersion "1"]
[SourceVersionDate "2004.11.15"]
[SourceQuality "1"]

1. e4 e6 2. d4 d5 3. Nc3 dxe4 4. Nxe4 Nd7 5. Nf3 Ngf6 6. Bg5 Be7 7. Bd3 Nxe4 8. Bxe7 Nxf2 9. Bxd8 Nxd1 10. Rxd1 Kxd8 11. Ng5 Ke7 12. Nxh7 f6 13. Bg6 b6 14. 0-0 Bb7 15. Rfe1 Nf8 16. Nxf8 Raxf8 17. Bf5 e5 18. d5 Kd6 19. c4 Rh4 20. b3 Rfh8 21. h3 a5 22. Bg4 Bc8 1/2-1/2

[Event "GER-ch U12"]
[Site "Willingen"]
[Date "2004.05.31"]
[Round "4"]
[White "Frey, Alisa"]
[Black "Kopp, Nico"]
[Result "1-0"]
[WhiteElo "1233"]
[BlackElo "1336"]
[PlyCount "71"]
[EventDate "2004.06.??"]
[EventType "swiss"]
[EventRounds "11"]
[EventCountry "GER"]
[SourceTitle "EXT 2005"]
[Source "ChessBase"]
[SourceDate "2004.11.15"]
[SourceVersion "1"]
[SourceVersionDate "2004.11.15"]
[SourceQuality "1"]

1. e4 e6 2. d4 d5 3. Nc3 Bb4 4. exd5 exd5 5. Bd3 c5 6. dxc5 Bxc5 7. Bb5+ Nc6 8. Qxd5 Qxd5 9. Nxd5 Kd8 10. Bf4 Bd7 11. f3 a6 12. Bxc6 Bxc6 13. 0-0-0 Kc8 14. Ne2 Ne7 15. Nxe7+ Bxe7 16. Nc3 h6 17. Rhe1 Bg5 18. Bxg5 hxg5 19. Nd5 Kb8 20. a3 Ka7 21. Nb4 Bb5 22. b3 a5 23. Nd5 Bc6 24. Re7 Rhf8 25. Nc3 g6 26. Ne4 Bxe4 27. fxe4 Rae8 28. Rdd7 Rxe7 29. Rxe7 Kb6 30. Kb2 Kc6 31. Re5 f6 32. Rxa5 Re8 33. Ra4 b5 34. Ra6+ Kc5 35. Rxf6 Rxe4 36. Rxg6 1-0